| 000 | 00906nas a2200301 4500 | ||
|---|---|---|---|
| 001 | BR0807517 | ||
| 003 | BR-BrBNA | ||
| 005 | 20231205112657.0 | ||
| 007 | ta | ||
| 008 | 230509b bl.|||p| |||| 00| 00por d | ||
| 040 |
_aBR-BrBNA _bpor _cBiblioteca Nacional de Agricultura |
||
| 041 | _a(Pt) | ||
| 072 | _aF30 | ||
| 100 | 1 | _aOliveira, M. do S.P. de | |
| 100 | 1 | _aAmorim, E.P. | |
| 100 | 1 | _aSantos, J.B. dos | |
| 100 | 1 | _aFerreira, D.F. | |
| 245 | 1 | _aDiversidade genética entre acessos de açaizeiro baseada em marcadores rapd | |
| 650 | _aPALMEIRA OLEAGINOSA | ||
| 650 | _aAÇAÍ | ||
| 650 | _aMELHORAMENTO GENÉTICO VEGETAL | ||
| 650 | _aGERMOPLASMA | ||
| 650 | _aHÍBRIDO | ||
| 650 | _aAMAZÔNIA | ||
| 773 | 0 |
_tCiência e Agrotecnologia (Brazil) _xISSN 1413-7054 _g(Nov-Dec 2007), v. 31(6) p. 1645-1653 _wBR0807517 |
|
| 909 |
_a202311 _bLúcia _c55 _dLúcia Elande |
||
| 942 |
_2AGRIS _n0 _cANA |
||
| 999 |
_c199321 _d199321 |
||